书目信息 |
| 题名: |
热塑性塑料及其注塑
|
|
| 作者: | 羽田武荣 著 | |
| 分册: | ||
| 出版信息: | 北京 化学工业出版社 1999.01 |
|
| 页数: | 91页 | |
| 开本: | 32开 | |
| 丛书名: | ||
| 单 册: | ||
| 中图分类: | TQ325 | |
| 科图分类: | ||
| 主题词: | 聚合树脂 , 聚合塑料 | |
| 电子资源: | ||
| ISBN: | 7-5025-2294-8 | |
| 000 | 00586nam0 2200205 45 | |
| 001 | 0010031601 | |
| 005 | 20001003163007.7 | |
| 010 | @a7-5025-2294-8@d7.00元 | |
| 100 | @a20001003d1999 km y0chiy0120 ea | |
| 101 | 0 | @achi |
| 105 | @a z 000yy | |
| 200 | 1 | @a热塑性塑料及其注塑@ARe Su Xing Su Liao Ji Qi Zhu Su@f(日)羽田武荣著@F(Ri)Yu Tian Wu Rong Zhu |
| 210 | @a北京@c化学工业出版社@d1999.01 | |
| 215 | @a91页@d32开 | |
| 606 | 0 | @a聚合树脂 |
| 606 | 0 | @a聚合塑料 |
| 690 | @aTQ325@v3 | |
| 701 | 0 | @a羽田武荣@4著 |
| 801 | @aCN@bPftUser@c20001003 | |
| 905 | @b169908-910@dTQ325@eY874@f3 | |
| 热塑性塑料及其注塑/(日)羽田武荣著.-北京:化学工业出版社,1999.01 |
| 91页;32开 |
| ISBN 7-5025-2294-8:7.00元 |
| ● |
| 相关链接 |
|
|
|
正题名:热塑性塑料及其注塑
索取号:TQ325/Y874
 
预约/预借
| 序号 | 登录号 | 条形码 | 馆藏地/架位号 | 状态 | 备注 |
| 1 | 169908 | 201699082 | 自科库501/501自科库 140排9列4层/ [索取号:TQ325/Y874] | 在馆 | |
| 2 | 169909 | 201699091 | 自科库501/201建筑库 39排3列3层/ [索取号:TQ325/Y874] | 在馆 | |
| 3 | 169910 | 201699108 | 自科库501/501自科库 140排9列4层/ [索取号:TQ325/Y874] | 在馆 |